Statistics for cartoons best

Click here to take the quiz!

General Stats

  • This quiz has been taken 87 times
  • The average score is 7 of 8

Answer Stats

Answer% Correct
Mario
97%
minions
95%
spiderman
95%
spongebob
93%
superman
93%
Donald duck
92%
thor
91%
homer
83%

Score Distribution

Percentile by Number Answered

Percent of People with Each Score

Your Score History

You have not taken this quiz